| 000 | 01108nas a2200277 4500 | ||
|---|---|---|---|
| 001 | BR8802275 | ||
| 003 | BR-BrBNA | ||
| 005 | 20231205091115.0 | ||
| 007 | ta | ||
| 008 | 230509b bl.|||p| |||| 00| 00por d | ||
| 040 |
_aBR-BrBNA _bpor _cBiblioteca Nacional de Agricultura |
||
| 041 | _a(Pt) | ||
| 072 | _aP34 | ||
| 100 | 1 | _aRibeiro Junior, W.Q. | |
| 100 | 1 | _aLopes, E.S. | |
| 100 | 1 | _aFranco, A.A. | |
| 111 | 1 |
_a21. Congresso Brasileiro de Ciencia do Solo _cCampinas, SP (Brazil) _d19-25 Jul 1987 |
|
| 245 | 1 |
_aEficiencia de estirpes de Bradyrhizobium spp. para quatro leguminosas arboreas e competitividade das estirpes em Albizia lebbek em latossolo acido _bParte de tese |
|
| 246 | 1 | _aEfficiency of Bradyrhizobium spp on four legume trees, and competitiveness of strains on Albizia lebbek in an acid red-yellow latosol | |
| 650 | _aCORACAO-DE-NEGRO | ||
| 650 | _aRHIZOBIUM | ||
| 650 | _aESTIRPE | ||
| 773 | 0 |
_tRevista Brasileira de Ciencia do Solo (Brazil) _xISSN 0100-0683 _g(Sep-Dec 1987), v. 11(3) p. 275-282 _wBR8802275 |
|
| 909 |
_a202311 _bLúcia _c55 _dLúcia Elande |
||
| 942 |
_2AGRIS _n0 _cANA |
||
| 999 |
_c122815 _d122815 |
||